01575nam a2200373 4500001001400000005001700014008004100031020003500072040002300107041001300130044001100143072003700154080001800191080001600209100002200225240007100247245033700318246001900655246007200674246004700746250001900793264004500812300004000857336002600897336003800923337002900961338002900990500002801019650002901047650002401076655002401100655003901124700003801163vtls01206415020260507110959.0210802s2020 xo o gr 001 0 slo  a9788055176826q(brožované) aSNKbslocSNKerda1 aslohger axocSK 7a635xZáhradkárstvo2konspekt a634/63522011 a(035)220111 aHess, Thomas4aut10aWächst das von allein oder muss ich jetzt was machen?lSlovensky10aRastie to samo - alebo treba s tým niečo robiť?bako robiť dôležité záhradné práce v správnom čase : praktický sprievodca pre záhradkárovcThoman Hess ; z nemeckého originálu Wächst das von allein oder muss ich jetzt was machen? Alle Gartenarbeiten auf einem Bkick preložila Henrieta Hatalová30aPrvé vydanie30aAko robiť dôležité záhradné práce v správnom čase30aPraktický sprievodca pre záhradkárov aPrvé vydanie 1aBratislavabIkar, a.s. - Prírodac2021 a141 stránbfotografiec19 x 22 cm atextbtxt2rdacontent astatický obrazbsti2rdacontent abez médiabn2rdamedia azväzokbnc2rdacarrier aObálkový podnázov07azáhradkárstvo2SNKPH07aGardening2SNKPHeng 7apríručky2SNKPH 7aHandbooks, manuals, etc.2SNKPHeng1 aHatalová, Henrieta,d1959-4trl